00534nam a2200145 a 450000100100000000500170001000800410002704000250006808200140009310000250010724500920013226001000022430000280032450000360035200002209420200930011559.0100916s1984 dr a r 000 |bspa d aDO-SdBNPbspacBNPHU axxxbO39m1 aOjeda Reyes, Félix10aLa manigua en Paris :bcorrespondencia diplomatica de Betances /cFélix Ojeda Reyes . aSanto Domingo :aSan Juan , Puerto Rico :bCentro de Estudios Avanzados de Puerto Ricos,c1984. a154 p. :bil. ;c23 cm. aIncluye cita al pie de página